Mga piling alamat na pambata / (Record no. 21515)

000 -LEADER
fixed length control field 00639nam a22001937a 4500
003 - CONTROL NUMBER IDENTIFIER
control field OSt
005 - DATE AND TIME OF LATEST TRANSACTION
control field 20260126144649.0
008 - FIXED-LENGTH DATA ELEMENTS--GENERAL INFORMATION
fixed length control field 251103b2010 xxu||||j |||| 00| 0 eng d
040 ## - CATALOGING SOURCE
Transcribing agency csuc
082 ## - DEWEY DECIMAL CLASSIFICATION NUMBER
Item number C822
100 ## - MAIN ENTRY--PERSONAL NAME
Relator code Maryrose Corpuz
Personal name Maryrose Corpuz
Relator term author.
245 ## - TITLE STATEMENT
Title Mga piling alamat na pambata /
Statement of responsibility, etc isinalaysay ni Maryrose Corpuz at iginuhit ni Domeng Escaler
260 ## - PUBLICATION, DISTRIBUTION, ETC. (IMPRINT)
Place of publication, distribution, etc [Place of publication not identified] :
Name of publisher, distributor, etc [name of publisher not identified],
Date of publication, distribution, etc c2010.
300 ## - PHYSICAL DESCRIPTION
Extent illustration ;
Other physical details 32 pages ;
Dimensions 16 cm.
520 ## - SUMMARY, ETC.
Summary, etc Alamat na pangbata
690 ## - LOCAL SUBJECT ADDED ENTRY--TOPICAL TERM (OCLC, RLIN)
Topical term or geographic name as entry element Alamat
700 ## - ADDED ENTRY--PERSONAL NAME
Personal name Domeng Escaler
Relator term gumuhit.
942 ## - ADDED ENTRY ELEMENTS (KOHA)
Source of classification or shelving scheme
Koha item type Books
Holdings
Price effective from Permanent Location Date last seen Not for loan Date acquired Source of classification or shelving scheme Koha item type Lost status Withdrawn status Copy number Source of acquisition Collection code Damaged status Barcode Shelving location Current Location Full call number
2025-11-03Cagayan State University - Carig Library2025-11-03 2025-11-03 Books  1DonationChildren Section C000397Children SectionCagayan State University - Carig LibraryCS C397 C8229

Cagayan State University University Library, Carig Campus
Tuguegarao City, Cagayan 3500 | www.csucarig.edu.ph

Powered by Koha